000 00763nam a2200217Ii 4500
003 JO-AjNU
008 230605s9999||||xx |||||||||||||| ||und||
017 _a98/2410
040 _aJO-AjNU
_bara
_erda
_cJO-AjNU
041 _aara
050 1 4 _aPJ6065 1998
100 3 _aتاليف حجاب، محمد منير ,
_eauthor
_920259
245 0 0 _aالمحتوى الثقافي والتربوي للفيلم السينمائي
250 _aط1
264 3 1 _aالقاهرة: دار الفجرللنشر والتوزيع، 1998
300 _a123ص
336 _atext
_btxt
_2rdacontent
337 _aunmediated
_bn
_2rdamedia
338 _avolume
_bnc
_2rdacarrier
650 4 _aالفيلم السينمائي-المحتوى الثقافي والتربوي
_920260
999 _aA6834
_c10402
_d10402